[Event "Abe Yanofsky op"]
[Site "Winnipeg CAN"]
[Date "2009.09.05"]
[Round "2"]
[White "Klokow, John"]
[Black "Czypinski, Jaroslaw"]
[Result "1-0"]
[WhiteElo "1740"]
[BlackElo "1880"]
[PlyCount "151"]
[GameId "2160767910092985"]
[EventDate "2009.09.04"]
[EventType "swiss"]
[EventRounds "5"]
[EventCountry "CAN"]
[SourceTitle "EXT 2011"]
[Source "ChessBase"]
[SourceDate "2011.11.26"]
[SourceVersion "1"]
[SourceVersionDate "2011.11.26"]
[SourceQuality "1"]

1. e4 d5 2. exd5 Nf6 3. Nf3 Bg4 4. Bb5+ c6 5. dxc6 bxc6 6. Be2 Nbd7 7. d4 Qc7 8. O-O e6 9. c3 Bd6 10. h3 Bh5 11. Nbd2 O-O 12. Nc4 Be7 13. Nfe5 Bxe2 14. Qxe2 Nxe5 15. Nxe5 Nd7 16. Nxd7 Qxd7 17. Bf4 Qb7 18. Rfe1 Bf6 19. Bd6 Rfd8 20. Ba3 Rd5 21. f4 Bh4 22. Rf1 Be7 23. Bxe7 Qxe7 24. Rae1 Qd7 25. Qc2 g6 26. Re5 Rd6 27. Rfe1 Rd8 28. Qa4 Qb7 29. b3 Rd5 30. Kf1 R5d7 31. Ra5 Qc7 32. g3 h6 33. h4 Qb7 34. Rc5 Rc8 35. Qc4 Rd6 36. Ree5 Qd7 37. Ra5 Rc7 38. Ra6 Rd5 39. Qb4 Qc8 40. Ra5 Rb7 41. Qc4 Qc7 42. Raxd5 cxd5 43. Qxc7 Rxc7 44. Re3 Kf8 45. Ke2 Ke7 46. Kd3 Rc6 47. Re2 Ra6 48. Rc2 Kd6 49. c4 dxc4+ 50. Kxc4 Rc6+ 51. Kd3 Ra6 52. a4 Rb6 53. Rc3 Rb4 54. Ke4 f6 55. Rd3 f5+ 56. Ke3 Kd5 57. Rc3 a6 58. Rc5+ Kd6 59. Rc3 Rb8 60. Kd3 Rd8 61. Rc5 Rb8 62. Kc4 Kd7 63. Ra5 Rb6 64. b4 Kd6 65. b5 axb5+ 66. axb5 Kd7 67. Ra7+ Ke8 68. Kc5 Rb8 69. b6 Rc8+ 70. Rc7 Rb8 71. Kc6 Kd8 72. b7 e5 73. Rh7 Rxb7 74. Rxb7 exd4 75. Rd7+ Ke8 76. Rxd4 1-0

[Event "Abe Yanofsky op"]
[Site "Winnipeg CAN"]
[Date "2009.09.05"]
[Round "2"]
[White "Lipnowski, Samuel"]
[Black "Green, Aaron"]
[Result "1-0"]
[WhiteElo "2285"]
[BlackElo "1836"]
[PlyCount "64"]
[GameId "2160767910092986"]
[EventDate "2009.09.04"]
[EventType "swiss"]
[EventRounds "5"]
[EventCountry "CAN"]
[SourceTitle "EXT 2011"]
[Source "ChessBase"]
[SourceDate "2011.11.26"]
[SourceVersion "1"]
[SourceVersionDate "2011.11.26"]
[SourceQuality "1"]

1. e4 c5 2. Nf3 d6 3. d4 cxd4 4. Nxd4 Nf6 5. Nc3 g6 6. Be3 Bg7 7. f3 O-O 8. Qd2 Nc6 9. Bc4 Bd7 10. O-O-O Rb8 11. Kb1 Na5 12. Be2 b5 13. Ndxb5 a6 14. Nd4 Qc7 15. Nb3 Nc4 16. Bxc4 Qxc4 17. Qd3 Qc8 18. Bd4 Be6 19. Nd5 Nxd5 20. Bxg7 Nb4 21. Qc3 Rd8 22. Qxc8 Rdxc8 23. Bc3 a5 24. Bxb4 Rxb4 25. Nd4 Bc4 26. b3 e5 27. c3 Bxb3 28. Nxb3 Rxc3 29. Kb2 Re3 30. Rhe1 Rxe1 31. Rxe1 a4 32. Ka3 Rc4 1-0

[Event "Abe Yanofsky op"]
[Site "Winnipeg CAN"]
[Date "2009.09.05"]
[Round "2"]
[White "Nikouline, Alexandre"]
[Black "Atem, James"]
[Result "1-0"]
[WhiteElo "2144"]
[BlackElo "1826"]
[PlyCount "91"]
[GameId "2160767910092987"]
[EventDate "2009.09.04"]
[EventType "swiss"]
[EventRounds "5"]
[EventCountry "CAN"]
[SourceTitle "EXT 2011"]
[Source "ChessBase"]
[SourceDate "2011.11.26"]
[SourceVersion "1"]
[SourceVersionDate "2011.11.26"]
[SourceQuality "1"]

1. e4 c5 2. Nf3 g6 3. d4 Bg7 4. c3 cxd4 5. cxd4 Nf6 6. Nc3 Qa5 7. Bd2 Qb6 8. e5 Ng4 9. Qc1 h5 10. h3 Nh6 11. Nd5 Qc6 12. Nc7+ Kd8 13. Nxa8 b6 14. Nxb6 Qxb6 15. Be2 Ba6 16. Qd1 Nc6 17. O-O Bxe2 18. Qxe2 Nxd4 19. Nxd4 Qxd4 20. Ba5+ Ke8 21. Rad1 Qxe5 22. Qa6 f6 23. Qxa7 Qf5 24. Qa8+ Kf7 25. Qd5+ Qxd5 26. Rxd5 Ra8 27. a3 Nf5 28. Bc3 d6 29. Ra5 Rb8 30. b4 e6 31. b5 d5 32. Ra7+ Kg8 33. Rb1 d4 34. Ba5 d3 35. Rd7 Ra8 36. b6 Bf8 37. b7 Rb8 38. Bc7 Rxb7 39. Rxb7 Ne7 40. Rxd3 Nd5 41. a4 Bc5 42. a5 g5 43. a6 g4 44. Rxd5 exd5 45. Bb6 Bxb6 46. Rxb6 1-0

[Event "Abe Yanofsky op"]
[Site "Winnipeg CAN"]
[Date "2009.09.05"]
[Round "2"]
[White "Oberton, Daniel"]
[Black "Zaczek, Jonathon"]
[Result "0-1"]
[WhiteElo "2020"]
[BlackElo "2125"]
[PlyCount "48"]
[GameId "2160767910092988"]
[EventDate "2009.09.04"]
[EventType "swiss"]
[EventRounds "5"]
[EventCountry "CAN"]
[SourceTitle "EXT 2011"]
[Source "ChessBase"]
[SourceDate "2011.11.26"]
[SourceVersion "1"]
[SourceVersionDate "2011.11.26"]
[SourceQuality "1"]

1. e4 c5 2. Nf3 d6 3. d4 cxd4 4. Nxd4 Nf6 5. Nc3 e6 6. g4 Nfd7 7. Be3 a6 8. Qd2 b5 9. f3 Qc7 10. O-O-O Nc6 11. Nxc6 Qxc6 12. Ne2 Bb7 13. Kb1 d5 14. exd5 Qxd5 15. Bg2 Qxd2 16. Rxd2 Ne5 17. Nd4 Nc4 18. Re2 O-O-O 19. Bf2 Bc5 20. Nxe6 Rd2 21. Nxc5 Rxe2 22. Nd3 Rd8 23. Re1 Rxd3 24. cxd3 Nd2+ 0-1

[Event "Abe Yanofsky op"]
[Site "Winnipeg CAN"]
[Date "2009.09.05"]
[Round "2"]
[White "Rutter, Blair"]
[Black "Green, Jim"]
[Result "1-0"]
[WhiteElo "1855"]
[BlackElo "1774"]
[PlyCount "131"]
[GameId "2160767910092989"]
[EventDate "2009.09.04"]
[EventType "swiss"]
[EventRounds "5"]
[EventCountry "CAN"]
[SourceTitle "EXT 2011"]
[Source "ChessBase"]
[SourceDate "2011.11.26"]
[SourceVersion "1"]
[SourceVersionDate "2011.11.26"]
[SourceQuality "1"]

1. c4 c6 2. g3 d5 3. cxd5 cxd5 4. Bg2 e6 5. d4 Nc6 6. Nc3 a6 7. Nf3 Nf6 8. O-O Bd6 9. Re1 O-O 10. Bg5 h6 11. Bxf6 Qxf6 12. e4 dxe4 13. Nxe4 Qe7 14. Qb3 Bb4 15. Re2 Na5 16. Qd3 Bd7 17. Rc2 Bb5 18. Qd1 Ba4 19. b3 Bc6 20. Ne5 Bd5 21. Nc3 Bxg2 22. Kxg2 Rac8 23. Ne2 b5 24. Rac1 Qb7+ 25. Nf3 Ba3 26. Rxc8 Rxc8 27. Rc2 Nc6 28. d5 Nb4 29. Rxc8+ Qxc8 30. dxe6 Qxe6 31. Qd8+ Kh7 32. Ned4 Qd5 33. Qa5 Nd3 34. Nc2 Ne5 35. Qc3 Bd6 36. Ncd4 Nxf3 37. Nxf3 Qc5 38. Qd3+ Kg8 39. Qe4 Qc8 40. Nd4 g6 41. f4 Bc5 42. Nc6 Qf5 43. Qxf5 gxf5 44. Nb8 a5 45. Nc6 Bb6 46. Ne7+ Kg7 47. Nxf5+ Kg6 48. Ne7+ Kg7 49. g4 Bc5 50. Nd5 Bd6 51. Kf3 f6 52. h3 Ba3 53. Nc3 b4 54. Ne4 Bb2 55. Nd6 Kg6 56. Nc4 Bc3 57. Nxa5 f5 58. Nc6 fxg4+ 59. hxg4 Kf6 60. Ke4 Bd2 61. Ne5 Bc3 62. Nf3 Bb2 63. Nd4 Bc1 64. Ne2 Bb2 65. Kd3 Ke6 66. Kc4 1-0

[Event "Abe Yanofsky op"]
[Site "Winnipeg CAN"]
[Date "2009.09.05"]
[Round "2"]
[White "Swift, Ryne"]
[Black "Lipic, Stephen"]
[Result "1/2-1/2"]
[WhiteElo "1802"]
[BlackElo "1718"]
[PlyCount "64"]
[GameId "2160767910092990"]
[EventDate "2009.09.04"]
[EventType "swiss"]
[EventRounds "5"]
[EventCountry "CAN"]
[SourceTitle "EXT 2011"]
[Source "ChessBase"]
[SourceDate "2011.11.26"]
[SourceVersion "1"]
[SourceVersionDate "2011.11.26"]
[SourceQuality "1"]

1. e4 c6 2. d4 d5 3. Nd2 dxe4 4. Nxe4 Nf6 5. Nxf6+ exf6 6. Nf3 Bd6 7. Be2 O-O 8. O-O Be6 9. c3 Nd7 10. Be3 f5 11. Qc2 h6 12. Rad1 Qf6 13. Ne1 Rae8 14. Bc1 Bxa2 15. b3 Bxb3 16. Qxb3 Rxe2 17. Qxb7 a5 18. Qxd7 Rd8 19. Qa7 Re4 20. Nf3 g5 21. Rfe1 g4 22. Rxe4 fxe4 23. Ne5 Bxe5 24. Qxa5 Rd5 25. Qa6 h5 26. Re1 Bf4 27. Bxf4 Qxf4 28. Qxc6 Rf5 29. Rf1 h4 30. Qa8+ Kg7 31. Qa2 g3 32. h3 Qg5 1/2-1/2

[Event "Abe Yanofsky op"]
[Site "Winnipeg CAN"]
[Date "2009.09.05"]
[Round "2"]
[White "Thompson, Brian"]
[Black "Villar, Alfonso"]
[Result "1-0"]
[WhiteElo "1887"]
[BlackElo "1622"]
[PlyCount "67"]
[GameId "2160767910092991"]
[EventDate "2009.09.04"]
[EventType "swiss"]
[EventRounds "5"]
[EventCountry "CAN"]
[SourceTitle "EXT 2011"]
[Source "ChessBase"]
[SourceDate "2011.11.26"]
[SourceVersion "1"]
[SourceVersionDate "2011.11.26"]
[SourceQuality "1"]

1. e4 c5 2. b3 d6 3. Bb2 Nf6 4. Nc3 e6 5. Bb5+ Bd7 6. Qe2 Nc6 7. Bxc6 Bxc6 8. d3 Be7 9. f4 b5 10. Nf3 b4 11. Nd1 O-O 12. O-O Qb6 13. c4 a5 14. e5 Nd7 15. exd6 Bxf3 16. Rxf3 Qxd6 17. Nf2 Bf6 18. Ne4 Bd4+ 19. Kh1 Qe7 20. Bxd4 cxd4 21. Rh3 f6 22. Re1 Rfe8 23. Qf2 e5 24. f5 Nc5 25. Nxc5 Qxc5 26. Qh4 h6 27. Qg4 Kf8 28. Rg3 Qe7 29. h4 Qf7 30. Re4 a4 31. Qd1 Qa7 32. Reg4 Re7 33. Qd2 Qc5 34. Qxh6 1-0

[Event "Abe Yanofsky op"]
[Site "Winnipeg CAN"]
[Date "2009.09.05"]
[Round "2"]
[White "Vincent, Trevor"]
[Black "Bince, Rolando"]
[Result "1-0"]
[WhiteElo "2286"]
[BlackElo "2058"]
[PlyCount "115"]
[GameId "2160767910092992"]
[EventDate "2009.09.04"]
[EventType "swiss"]
[EventRounds "5"]
[EventCountry "CAN"]
[SourceTitle "EXT 2011"]
[Source "ChessBase"]
[SourceDate "2011.11.26"]
[SourceVersion "1"]
[SourceVersionDate "2011.11.26"]
[SourceQuality "1"]

1. c4 Nf6 2. g3 g6 3. Bg2 Bg7 4. Nc3 c6 5. e4 d6 6. Nge2 e5 7. O-O O-O 8. d3 a5 9. h3 Bd7 10. a4 Na6 11. Be3 Nh5 12. g4 Nf6 13. Ng3 Ne8 14. Rb1 Nec7 15. f4 Ne6 16. Nce2 c5 17. f5 Nd4 18. Nc3 Nb4 19. Qd2 Qh4 20. Kh2 Qe7 21. Rf2 f6 22. h4 Bc6 23. Rbf1 Nbc2 24. Bh6 Bxh6 25. Qxh6 Qg7 26. Qd2 Nb4 27. g5 fxg5 28. hxg5 Bd7 29. Bh3 Rad8 30. Bg4 b6 31. Kg1 Bc8 32. Rh2 Rf7 33. Rff2 Rdf8 34. f6 Qh8 35. Bd1 Rd8 36. Rh6 Kf8 37. Rfh2 Qg8 38. Nf1 Rdd7 39. Ne3 Bb7 40. Bg4 Bc6 41. Rf2 Rc7 42. Rh4 h5 43. gxh6 Qh8 44. Rhh2 Ke8 45. Bd1 Ne6 46. Ng4 Qh7 47. Ne2 Bd7 48. Qe3 Nc6 49. Qg3 Kd8 50. Nc3 Nb4 51. Nb5 Rc6 52. Be2 Nd4 53. Nxd4 cxd4 54. Bd1 Rc5 55. Rf3 Bc8 56. Nf2 Be6 57. Qg5 Rcc7 58. Rg3 1-0

[Event "Abe Yanofsky op"]
[Site "Winnipeg CAN"]
[Date "2009.09.05"]
[Round "3"]
[White "Atem, James"]
[Black "Lipic, Stephen"]
[Result "1-0"]
[WhiteElo "1826"]
[BlackElo "1718"]
[PlyCount "123"]
[GameId "2160767910092993"]
[EventDate "2009.09.04"]
[EventType "swiss"]
[EventRounds "5"]
[EventCountry "CAN"]
[SourceTitle "EXT 2011"]
[Source "ChessBase"]
[SourceDate "2011.11.26"]
[SourceVersion "1"]
[SourceVersionDate "2011.11.26"]
[SourceQuality "1"]

1. d4 c6 2. Nf3 d5 3. Bf4 e6 4. Nbd2 f5 5. e3 Nf6 6. Be2 Be7 7. c4 O-O 8. Qc2 Ne4 9. c5 Nd7 10. a3 g5 11. Be5 g4 12. Ng1 Nxe5 13. Nxe4 dxe4 14. dxe5 Qa5+ 15. b4 Qc7 16. Qb2 a5 17. Bc4 axb4 18. axb4 Rxa1+ 19. Qxa1 b6 20. Ne2 bxc5 21. bxc5 Bxc5 22. O-O Kf7 23. Nf4 Rd8 24. Qc3 Be7 25. Ra1 Bg5 26. g3 Bxf4 27. exf4 Qd7 28. Qe3 Qd4 29. Ra7+ Kg6 30. Qa3 Qxc4 31. Rg7+ Kh6 32. Rxh7+ Kxh7 33. Qe7+ Kg8 34. Qxd8+ Kf7 35. Qxc8 Qd5 36. Qc7+ Ke8 37. Qc8+ Ke7 38. Qb7+ Qd7 39. Qb4+ Kf7 40. Kg2 Qa7 41. Qd6 c5 42. Qd8 Qe7 43. Qc8 Qf8 44. Qc6 Qe7 45. h3 Kg6 46. hxg4 fxg4 47. Qxe4+ Kh5 48. f5 exf5 49. Qxf5+ Qg5 50. Qe4 c4 51. Qh7+ Qh6 52. Qf7+ Qg6 53. Qxc4 Qf5 54. Qe2 Qe6 55. Qe4 Kg5 56. Qf4+ Kh5 57. Kh2 Qa2 58. Qf5+ Kh6 59. e6 Qe2 60. Qf8+ Kh7 61. e7 Qe4 62. Qf7+ 1-0

[Event "Abe Yanofsky op"]
[Site "Winnipeg CAN"]
[Date "2009.09.05"]
[Round "3"]
[White "Bell, John G"]
[Black "Vincent, Trevor"]
[Result "1/2-1/2"]
[WhiteElo "2157"]
[BlackElo "2286"]
[PlyCount "83"]
[GameId "2160767910092994"]
[EventDate "2009.09.04"]
[EventType "swiss"]
[EventRounds "5"]
[EventCountry "CAN"]

1. f4 Nf6 2. Nf3 g6 3. d3 d5 4. g3 Bg7 5. Bg2 O-O 6. O-O c5 7. Nc3 d4 8. Ne4 Nbd7 9. Nxf6+ Nxf6 10. Bd2 Nd5 11. Rb1 b6 12. a3 Bb7 13. Qe1 Qc7 14. c4 Nf6 15. b4 Nd7 16. e4 dxe3 17. Bxe3 Rad8 18. Qe2 Rfe8 19. Nh4 Bxg2 20. Qxg2 e6 21. Nf3 Qc6 22. b5 Qc7 23. Rbc1 a6 24. a4 axb5 25. axb5 Ra8 26. Qf2 Ra4 27. Rc2 f5 28. Rd1 e5 29. fxe5 Nxe5 30. Bf4 Qd7 31. Bxe5 Bxe5 32. Re2 Bf6 33. Rde1 Raa8 34. Kg2 Rad8 35. Rxe8+ Rxe8 36. Rxe8+ Qxe8 37. h4 Kf7 38. Qd2 Qe6 39. Kf2 Qd6 40. Qe3 Kf8 41. Kg2 Kf7 42. Kf2 1/2-1/2

[Event "Abe Yanofsky op"]
[Site "Winnipeg CAN"]
[Date "2009.09.05"]
[Round "3"]
[White "Bince, Rolando"]
[Black "Rutter, Blair"]
[Result "1-0"]
[WhiteElo "2058"]
[BlackElo "1855"]
[PlyCount "63"]
[GameId "2160767910092995"]
[EventDate "2009.09.04"]
[EventType "swiss"]
[EventRounds "5"]
[EventCountry "CAN"]
[SourceTitle "EXT 2011"]
[Source "ChessBase"]
[SourceDate "2011.11.26"]
[SourceVersion "1"]
[SourceVersionDate "2011.11.26"]
[SourceQuality "1"]

1. e4 e6 2. d4 d5 3. Nc3 Nf6 4. Bg5 Be7 5. Bd3 dxe4 6. Nxe4 Nc6 7. Nf3 Nb4 8. Bxf6 Bxf6 9. Nxf6+ Qxf6 10. Be4 O-O 11. O-O c6 12. c4 Rd8 13. a3 Na6 14. b4 Nc7 15. Qc2 h6 16. Qc3 Ne8 17. Rac1 Bd7 18. Bb1 Nd6 19. Ne5 Be8 20. f4 Nf5 21. Rcd1 Rd6 22. c5 Rdd8 23. g3 Ne7 24. Ng4 Nd5 25. Nxf6+ Nxf6 26. f5 Bd7 27. fxe6 Bxe6 28. Qd3 Ne8 29. Rde1 Nc7 30. Qh7+ Kf8 31. Ba2 Nd5 32. Rxe6 1-0

[Event "Abe Yanofsky op"]
[Site "Winnipeg CAN"]
[Date "2009.09.05"]
[Round "3"]
[White "Cleto, Sam"]
[Black "Oberton, Daniel"]
[Result "0-1"]
[WhiteElo "1875"]
[BlackElo "2020"]
[PlyCount "57"]
[GameId "2160767910092996"]
[EventDate "2009.09.04"]
[EventType "swiss"]
[EventRounds "5"]
[EventCountry "CAN"]
[SourceTitle "EXT 2011"]
[Source "ChessBase"]
[SourceDate "2011.11.26"]
[SourceVersion "1"]
[SourceVersionDate "2011.11.26"]
[SourceQuality "1"]

1. Nf3 g6 2. d4 Bg7 3. e4 d6 4. Nc3 Nf6 5. h3 O-O 6. Bd3 Nbd7 7. Bf4 c6 8. O-O Nh5 9. Bg5 h6 10. Be3 e5 11. Ne2 exd4 12. Nexd4 Nc5 13. c3 Nf6 14. Qc2 Nxd3 15. Qxd3 Re8 16. Nd2 d5 17. exd5 Nxd5 18. Rfe1 c5 19. N4f3 Bf5 20. Qb5 Nxe3 21. fxe3 b6 22. e4 Bd7 23. Qf1 Qc7 24. Qf2 Bc6 25. Qh4 Re6 26. Nc4 Rae8 27. e5 Qe7 28. Qg3 Bxf3 29. gxf3 0-1

[Event "Abe Yanofsky op"]
[Site "Winnipeg CAN"]
[Date "2009.09.05"]
[Round "3"]
[White "Green, Aaron"]
[Black "Boron, Anthony"]
[Result "1/2-1/2"]
[WhiteElo "1836"]
[BlackElo "1996"]
[PlyCount "104"]
[GameId "2160767910092997"]
[EventDate "2009.09.04"]
[EventType "swiss"]
[EventRounds "5"]
[EventCountry "CAN"]
[SourceTitle "EXT 2011"]
[Source "ChessBase"]
[SourceDate "2011.11.26"]
[SourceVersion "1"]
[SourceVersionDate "2011.11.26"]
[SourceQuality "1"]

1. e4 c5 2. Nf3 e6 3. d4 cxd4 4. Nxd4 Nf6 5. Nc3 Nc6 6. Be3 Bb4 7. f3 Qa5 8. Qd2 O-O 9. Nb3 Bxc3 10. bxc3 Qh5 11. Be2 d5 12. exd5 Nxd5 13. Nd4 Nxe3 14. Qxe3 Bd7 15. O-O Rfc8 16. Nb5 Ne7 17. f4 Qc5 18. Qxc5 Rxc5 19. Rab1 Nd5 20. Rf3 a6 21. Nd4 Nxc3 22. Rb2 Nxe2+ 23. Nxe2 Rac8 24. Rd3 Bb5 25. Rd2 Bxe2 26. Rxe2 R8c7 27. Rd2 g6 28. Kf2 Rc4 29. g3 Kg7 30. Ke2 b5 31. Kd1 R7c5 32. Rb3 Kf6 33. Ra3 Rc6 34. Re3 Ra4 35. a3 Rac4 36. Kc1 Rc3 37. Red3 Rxd3 38. Rxd3 h5 39. Rd7 Rc4 40. Kb2 h4 41. Rd6 hxg3 42. hxg3 Ra4 43. Kb3 Kf5 44. Rc6 Kf6 45. c4 g5 46. cxb5 axb5 47. fxg5+ Kg6 48. Rc5 Rg4 49. Rxb5 Rxg3+ 50. Kb4 Rg4+ 51. Kb3 Rg3+ 52. Kb2 Rg2+ 1/2-1/2

[Event "Abe Yanofsky op"]
[Site "Winnipeg CAN"]
[Date "2009.09.05"]
[Round "3"]
[White "Khedkar, Jay S"]
[Black "Goodman, Clifford"]
[Result "1-0"]
[WhiteElo "2034"]
[BlackElo "1671"]
[PlyCount "43"]
[GameId "2160767910092998"]
[EventDate "2009.09.04"]
[EventType "swiss"]
[EventRounds "5"]
[EventCountry "CAN"]
[SourceTitle "EXT 2011"]
[Source "ChessBase"]
[SourceDate "2011.11.26"]
[SourceVersion "1"]
[SourceVersionDate "2011.11.26"]
[SourceQuality "1"]

1. e4 c6 2. d4 d5 3. exd5 cxd5 4. c4 Nf6 5. Nc3 e6 6. Nf3 Nc6 7. cxd5 Nxd5 8. Bb5 Bd7 9. Nxd5 exd5 10. O-O Be7 11. Qb3 a6 12. Bxc6 Bxc6 13. Ne5 O-O 14. Bf4 Bf6 15. Rfe1 Bxe5 16. dxe5 Qh4 17. Qe3 Rad8 18. Bg5 Qg4 19. Bxd8 Rxd8 20. e6 d4 21. exf7+ Kf8 22. Qe7# 1-0

[Event "Abe Yanofsky op"]
[Site "Winnipeg CAN"]
[Date "2009.09.05"]
[Round "3"]
[White "Nikouline, Alexandre"]
[Black "Thompson, Brian"]
[Result "1-0"]
[WhiteElo "2144"]
[BlackElo "1887"]
[PlyCount "63"]
[GameId "2160767910092999"]
[EventDate "2009.09.04"]
[EventType "swiss"]
[EventRounds "5"]
[EventCountry "CAN"]
[SourceTitle "EXT 2011"]
[Source "ChessBase"]
[SourceDate "2011.11.26"]
[SourceVersion "1"]
[SourceVersionDate "2011.11.26"]
[SourceQuality "1"]

1. e4 e6 2. d4 d5 3. e5 c5 4. c3 Nc6 5. Nf3 Qb6 6. Bd3 Bd7 7. dxc5 Bxc5 8. O-O Nge7 9. b4 Bxb4 10. cxb4 Nxb4 11. Be3 Qc7 12. a3 Nxd3 13. Qxd3 O-O 14. Rc1 Qa5 15. Rc5 Qd8 16. Nbd2 Bc6 17. Rac1 f5 18. Nd4 Qd7 19. f4 Rac8 20. N2f3 h6 21. Bd2 b6 22. R5c2 Ba4 23. Rxc8 Rxc8 24. Rxc8+ Qxc8 25. Qc3 Qxc3 26. Bxc3 Kf7 27. Kf2 a5 28. h3 Ng6 29. Ke3 Nf8 30. Ne2 Nd7 31. Bd4 b5 32. Nc3 1-0

[Event "Abe Yanofsky op"]
[Site "Winnipeg CAN"]
[Date "2009.09.05"]
[Round "3"]
[White "Schulz, Waldemar"]
[Black "Klokow, John"]
[Result "1/2-1/2"]
[WhiteElo "1997"]
[BlackElo "1740"]
[PlyCount "135"]
[GameId "2160767910093000"]
[EventDate "2009.09.04"]
[EventType "swiss"]
[EventRounds "5"]
[EventCountry "CAN"]
[SourceTitle "EXT 2011"]
[Source "ChessBase"]
[SourceDate "2011.11.26"]
[SourceVersion "1"]
[SourceVersionDate "2011.11.26"]
[SourceQuality "1"]

1. Nf3 d5 2. g3 Bg4 3. Ne5 Bh5 4. Bg2 e6 5. d4 f6 6. Nd3 Nd7 7. Nf4 Bf7 8. h4 Bd6 9. Nc3 c6 10. e4 Qc7 11. exd5 exd5 12. Be3 O-O-O 13. Qg4 g6 14. O-O-O Nh6 15. Qf3 Nf5 16. Bh3 Nxe3 17. fxe3 f5 18. g4 fxg4 19. Bxg4 Rhf8 20. Nd3 Be6 21. Qg2 Bxg4 22. Qxg4 Kb8 23. Qg2 Nf6 24. e4 Nxe4 25. Nxe4 dxe4 26. Qxe4 Rde8 27. Qg2 Re7 28. Kb1 Rfe8 29. h5 Re2 30. Qg5 gxh5 31. Qxh5 R8e7 32. Ne5 Rg2 33. Qf3 Rgg7 34. Qf6 b6 35. Rh6 Bxe5 36. dxe5 Rxe5 37. Qxc6 Qxc6 38. Rxc6 h5 39. Rh6 Kb7 40. b3 Kc7 41. Rh1 Rgg5 42. Rh7+ Kb8 43. Rf1 Rg8 44. Rff7 a5 45. Rb7+ Ka8 46. Rxb6 Rf8 47. Rd6 Rg8 48. a3 Rf8 49. Kb2 Rg8 50. b4 Rf8 51. Rc6 Rg8 52. Kb3 axb4 53. axb4 Rf8 54. Ka4 Kb8 55. Rb6+ Ka8 56. Rb5 Rxb5 57. Kxb5 Rf5+ 58. Kb6 Rf6+ 59. Ka5 Rc6 60. Rxh5 Rxc2 61. Kb6 Rc8 62. b5 Rg8 63. Ka6 Rf8 64. b6 Rg8 65. Rc5 Rh8 66. Rc7 Rg8 67. Ra7+ Kb8 68. Rb7+ 1/2-1/2

[Event "Abe Yanofsky op"]
[Site "Winnipeg CAN"]
[Date "2009.09.05"]
[Round "3"]
[White "Villar, Alfonso"]
[Black "Swift, Ryne"]
[Result "0-1"]
[WhiteElo "1622"]
[BlackElo "1802"]
[PlyCount "99"]
[GameId "2160767910093001"]
[EventDate "2009.09.04"]
[EventType "swiss"]
[EventRounds "5"]
[EventCountry "CAN"]
[SourceTitle "EXT 2011"]
[Source "ChessBase"]
[SourceDate "2011.11.26"]
[SourceVersion "1"]
[SourceVersionDate "2011.11.26"]
[SourceQuality "1"]

1. e4 e5 2. Nf3 Nc6 3. d4 exd4 4. Nxd4 Bc5 5. Nxc6 bxc6 6. Bc4 Nf6 7. Nc3 O-O 8. O-O h6 9. Qf3 Bb7 10. Qg3 Kh8 11. Be3 Bxe3 12. Qxe3 d5 13. exd5 cxd5 14. Rad1 c6 15. Rfe1 Re8 16. Qc5 Rxe1+ 17. Rxe1 dxc4 18. Qxc4 Nd5 19. Qc5 Nxc3 20. Qxc3 Qd7 21. Qc5 Rd8 22. h3 Kg8 23. Qe7 Qxe7 24. Rxe7 Rb8 25. b4 f5 26. Rc7 Kh7 27. f4 Kg6 28. Kf2 Kf6 29. a4 a6 30. c4 Ba8 31. b5 cxb5 32. cxb5 axb5 33. axb5 Rxb5 34. Rc2 Be4 35. Rd2 Rd5 36. Rxd5 Bxd5 37. g3 h5 38. h4 Ke6 39. Ke3 Kd6 40. Kd4 Ba2 41. Kd3 Kd5 42. Ke3 Bb1 43. Kf3 Kd4 44. Kf2 Kd3 45. Kf3 Bc2 46. Kf2 Bd1 47. Kf1 Ke3 48. Kg2 Be2 49. Kg1 Kf3 50. Kh2 0-1

[Event "Abe Yanofsky op"]
[Site "Winnipeg CAN"]
[Date "2009.09.05"]
[Round "3"]
[White "Zaczek, Jonathon"]
[Black "Gentes, Kevin"]
[Result "1/2-1/2"]
[WhiteElo "2125"]
[BlackElo "2250"]
[PlyCount "74"]
[GameId "2160767910093002"]
[EventDate "2009.09.04"]
[EventType "swiss"]
[EventRounds "5"]
[EventCountry "CAN"]
[SourceTitle "EXT 2011"]
[Source "ChessBase"]
[SourceDate "2011.11.26"]
[SourceVersion "1"]
[SourceVersionDate "2011.11.26"]
[SourceQuality "1"]

1. e4 c5 2. Nf3 d6 3. d4 cxd4 4. Nxd4 Nf6 5. Nc3 a6 6. Bc4 e6 7. Bb3 Be7 8. g4 Qa5 9. Bd2 Nxe4 10. Nxe4 Qe5 11. Qe2 d5 12. Nc3 Qxd4 13. O-O-O Nc6 14. Be3 Qe5 15. f4 Qd6 16. Ne4 Qc7 17. Ng5 Na5 18. f5 Nxb3+ 19. axb3 h6 20. Nf3 exf5 21. g5 hxg5 22. Nxg5 Be6 23. Rdg1 Bf6 24. Qd2 O-O-O 25. Re1 d4 26. Bf4 Qc6 27. Kb1 Bd5 28. Rhg1 Rde8 29. Qf2 Rxe1+ 30. Rxe1 Re8 31. Nh7 Rxe1+ 32. Qxe1 Be4 33. Nxf6 Bxc2+ 34. Ka2 Qxf6 35. Qe8+ Qd8 36. Qe5 Kd7 37. Qxd4+ Ke8 1/2-1/2

[Event "Abe Yanofsky op"]
[Site "Winnipeg CAN"]
[Date "2009.09.06"]
[Round "4"]
[White "Bince, Rolando"]
[Black "Zaczek, Jonathon"]
[Result "1-0"]
[WhiteElo "2058"]
[BlackElo "2125"]
[PlyCount "135"]
[GameId "2160767910093003"]
[EventDate "2009.09.04"]
[EventType "swiss"]
[EventRounds "5"]
[EventCountry "CAN"]
[SourceTitle "EXT 2011"]
[Source "ChessBase"]
[SourceDate "2011.11.26"]
[SourceVersion "1"]
[SourceVersionDate "2011.11.26"]
[SourceQuality "1"]

1. e4 c5 2. Nf3 d6 3. d4 cxd4 4. Nxd4 Nf6 5. Nc3 e6 6. Be2 a6 7. a4 Be7 8. Be3 b6 9. f4 Qc7 10. O-O O-O 11. Qe1 Bb7 12. Bd3 Nbd7 13. Kh1 Nc5 14. Bg1 Rfe8 15. h3 Nxd3 16. cxd3 Bf8 17. Rc1 Rac8 18. Qe3 Nd7 19. b4 Qb8 20. Na2 Rxc1 21. Rxc1 Rc8 22. f5 e5 23. Ne2 d5 24. exd5 Bxd5 25. Nac3 Bb7 26. Rb1 Qd6 27. Ne4 Qd5 28. Qd2 Ba8 29. N2c3 Qb7 30. Be3 Rd8 31. Qf2 Be7 32. Kh2 Nf6 33. Nxf6+ Bxf6 34. Ne4 Be7 35. f6 Bf8 36. fxg7 Bxg7 37. Bxb6 Rxd3 38. Nc5 Rxh3+ 39. gxh3 Qxb6 40. Rf1 Bd5 41. Qd2 Qd6 42. Ne4 Qe6 43. Rg1 Kf8 44. Qg5 Bxe4 45. Qd8+ Qe8 46. Qxe8+ Kxe8 47. Rxg7 Bc2 48. b5 axb5 49. axb5 Bg6 50. Rg8+ Kd7 51. Ra8 Kc7 52. Ra6 Bd3 53. Rc6+ Kb7 54. Rf6 Bxb5 55. Rxf7+ Kc6 56. Rxh7 Kd5 57. Kg3 Ke4 58. Kf2 Kd3 59. Rh8 Bc6 60. Rf8 Ke4 61. Rf3 Bd5 62. Ra3 Kf4 63. Re3 e4 64. Rg3 Be6 65. h4 Bg4 66. Ra3 Bf3 67. Ra5 e3+ 68. Ke1 1-0